| 000 | 00694cam a22002053a 4500 | ||
|---|---|---|---|
| 001 | 34869 | ||
| 003 | PGUSA | ||
| 005 | 20140828083743.0 | ||
| 008 | 110107s2011||||xxu|||||s|||||000 | eng d | ||
| 040 |
_aPGUSA _beng |
||
| 042 | _adc | ||
| 100 | 1 |
_aHill, Thomas George, _d1876-1954 |
|
| 245 | 1 | 4 |
_aThe Essentials of Illustration : _bA Practical Guide to the Reproduction of Drawings & Photographs for the Use of Scientists and Others _h[electronic resource] / _cThomas George Hill |
| 260 |
_bProject Gutenberg, _c2011 |
||
| 506 | _aPublic domain in the USA. | ||
| 516 | _aElectronic text | ||
| 830 | 0 |
_aProject Gutenberg _v34869 |
|
| 856 | 4 | 0 | _uhttp://www.gutenberg.org/ebooks/34869 |
| 942 | _cEB | ||
| 999 |
_c264124 _d264124 |
||